A life in our times : (Record no. 976)

000 -LEADER
fixed length control field 01214nam a22003737a 4500
001 - CONTROL NUMBER
control field 4190754
003 - CONTROL NUMBER IDENTIFIER
control field OSt
005 - DATE AND TIME OF LATEST TRANSACTION
control field 20210426112552.0
008 - FIXED-LENGTH DATA ELEMENTS--GENERAL INFORMATION
fixed length control field 801124s1981 mau 001 0aeng
010 ## - LIBRARY OF CONGRESS CONTROL NUMBER
LC control number 80027373
020 ## - INTERNATIONAL STANDARD BOOK NUMBER
International Standard Book Number 0395305098
020 ## - INTERNATIONAL STANDARD BOOK NUMBER
International Standard Book Number 0395311357 (special ed.) :
040 ## - CATALOGING SOURCE
Original cataloging agency DLC
Transcribing agency DLC
Modifying agency DLC
Language of cataloging eng
041 ## - LANGUAGE CODE
Language code of text/sound track or separate title eng
043 ## - GEOGRAPHIC AREA CODE
Geographic area code n-us---
050 00 - LIBRARY OF CONGRESS CALL NUMBER
Classification number HB119.G33
Item number A34
080 ## - UNIVERSAL DECIMAL CLASSIFICATION NUMBER
Universal Decimal Classification number 92
Item number G-15
082 00 - DEWEY DECIMAL CLASSIFICATION NUMBER
Classification number 330/.092/4
-- B
Edition number 19
100 1# - MAIN ENTRY--PERSONAL NAME
Personal name Galbraith, John Kenneth,
Dates associated with a name 1908-2006.
245 12 - TITLE STATEMENT
Title A life in our times :
Remainder of title memoirs /
Statement of responsibility, etc. / by: Houghton Mifflin Company
260 ## - PUBLICATION, DISTRIBUTION, ETC.
Place of publication, distribution, etc. Boston :
Name of publisher, distributor, etc. Houghton Mifflin Company
Date of publication, distribution, etc. 1981.
300 ## - PHYSICAL DESCRIPTION
Extent x, 563 p. ;
Dimensions 24 cm.
365 ## - TRADE PRICE
Price amount 16.95 usd
500 ## - GENERAL NOTE
General note Includes index.
600 10 - SUBJECT ADDED ENTRY--PERSONAL NAME
Personal name Galbraith, John Kenneth,
Dates associated with a name 1908-2006.
650 #0 - SUBJECT ADDED ENTRY--TOPICAL TERM
Topical term or geographic name entry element Economists
Geographic subdivision United States
General subdivision Biography.
650 #0 - SUBJECT ADDED ENTRY--TOPICAL TERM
Topical term or geographic name entry element Biography
9 (RLIN) 237
651 #0 - SUBJECT ADDED ENTRY--GEOGRAPHIC NAME
Geographic name United States
General subdivision Politics and government
Chronological subdivision 1945-1989.
653 ## - INDEX TERM--UNCONTROLLED
Uncontrolled term ბიოგრაფია
653 ## - INDEX TERM--UNCONTROLLED
Uncontrolled term ეკონომიკა
856 42 - ELECTRONIC LOCATION AND ACCESS
Materials specified Contributor biographical information
Uniform Resource Identifier <a href="http://www.loc.gov/catdir/enhancements/fy0736/80027373-b.html">http://www.loc.gov/catdir/enhancements/fy0736/80027373-b.html</a>
906 ## - LOCAL DATA ELEMENT F, LDF (RLIN)
a 7
b cbc
c orignew
d u
e ocip
f 19
g y-gencatlg
942 ## - ADDED ENTRY ELEMENTS (KOHA)
Source of classification or shelving scheme
Koha item type Books
Holdings
Withdrawn status Lost status Source of classification or shelving scheme Damaged status Not for loan Permanent location Current location Date acquired Inventory number Total Checkouts Full call number Barcode Date last seen Price effective from Koha item type
          Ken Walker International University Ken Walker International University 01/27/2021 2455   92 G-15 2455 01/27/2021 01/27/2021 Books

Powered by Koha